000 00987nam a22002055i 4500
001 168250
003 ES-MaACL
005 20230906213730.0
008 020401s1869 sp |||| | spa d
040 _aCAM
_bspa
_cCAM
100 1 _aZumel, Enrique.
_9118492
245 1 3 _aEl carnaval de Madrid
_b: zarzuela bufa en dos actos y en verso /
_coriginal de Enrique Zumel ; musica de Francisco Villamala.
260 _aMadrid :
_b[s.n.],
_c1869 (
_fImprenta de José Rodríguez)
300 _a52 p. ;
_c19 cm.
500 _aEn port.: Representada por primera vez en el Circo de Paul, la noche del 4 de mayo de 1869.
500 _aSolo la letra.
596 _aAl v. de port. consta : "... Galerías Dramáticas y Líricas de los Sres. Gullon é Hidalgo..."
700 1 _aVilamala, Francisco.
_9133719
852 _aES-MaACL
_jF-8572(8)
_z-- Enc. pasta española, falto de la enc. original
_z-- Enc. en un vol. facticio formando parte de la col. facticia "Teatro español moderno", vol. 25
999 _c168250
_d168250